'Face' Phrases Quiz - Statistics

General Stats
  • This quiz has been taken 16 times
    12 since last reset
  • The average score is 11 of 15
Answer Stats
Hint Answer % Correct
A horse walks into a bar. The barmaid asks: Why the..? Long face
100%
A cheerful looking emoji, black on yellow. Beloved of acid house music fans in the 90s. Smiley face
100%
A directory containing photographs and names of students. Now a billion people use an online version to share all their desperately facinating opinions. Facebook
92%
An operation to get rid of your wrinkles. Face lift
92%
The start of an ice hockey game (or more generally, to engage in a confrontation). Face off
92%
The apparent worth of something. You can also take someone at this. Face value
92%
A straight and unrevealing expression (useful in card games). Poker face
92%
A type of conversation where you're in each other's presence; a close meeting. Face to face
83%
To make a complete change in your opinion or policy, to turn around. About face / volte-face
75%
A youthful and innocent appearance. Used as a nickname too. Baby face
75%
An undisguised, clearly untrue fib. Bald-faced / Barefaced lie / Bold-faced lie
75%
You can shout until you are this, but you're wasting your time. Blue in the face
67%
To have to confront and accept the unpleasant consequences of your actions. Face the music
67%
A portrait of someone with their whole face straight on to the viewer. Full-face
17%
The bare vertical surface of a cliff. Rock face
17%
No matching quizzes found
Score Distribution
Percent of People with Each Score
Percentile by Number Answered
Your Score History
You have not taken this quiz since the last reset